[Event "Sicilian with Na3"]
[Site "SchemingMind.com"]
[Date "2006.09.09"]
[Round "-"]
[White "cai"]
[Black "markjburden"]
[Result "0-1"]
[WhiteCountry "SWE"]
[BlackCountry "GBR"]
[WhiteElo "1708"]
[WhiteRD "74"]
[BlackElo "1667"]
[BlackRD "63"]
[GameID "67261"]

1. e4 c5 2. Na3 d6 3. Nf3 Nf6 4. d3 a6 5. g3 Bg4 6. Bg5 Nbd7 7. Be2 h6 8. Bc1 b5 9. b3 b4 10. Nc4 g5
11. h3 Bxf3 12. Bxf3 Bg7 13. Bb2 O-O 14. O-O Nb6 15. Ne3 a5 16. Nf5 Kh7 17. Nxg7 Kxg7 18. c4 e5 19. a4 h5 20. Bxh5 Nxh5
21. Qxh5 Rh8 22. Qg4 f6 23. Bc1 Kf7 24. Kg2 Qe7 25. f4 gxf4 26. gxf4 Rag8 27. fxe5 Rxg4+ 28. hxg4 dxe5 29. Rf3 Ke6 30. Bd2 Qh7
31. Kf2 Qh2+ 32. Ke3 Rh3 33. Rxh3 Qxh3+
0-1

[Event "Sicilian with Na3"]
[Site "SchemingMind.com"]
[Date "2006.09.08"]
[Round "-"]
[White "markjburden"]
[Black "cai"]
[Result "0-1"]
[WhiteCountry "GBR"]
[BlackCountry "SWE"]
[WhiteElo "1613"]
[WhiteRD "71"]
[BlackElo "1801"]
[BlackRD "80"]
[GameID "67262"]

1. e4 c5 2. Na3 Nc6 3. Bb5 Nf6 4. d3 a6 5. Ba4 e6 6. c3 Be7 7. Nf3 O-O 8. Be3 b6 9. O-O Bb7 10. Bf4 Nh5
11. Be3 Qc7 12. Qd2 f5 13. exf5 Rxf5 14. g4 Rxf3 15. gxh5 Ne5 16. Bd1 Rh3 17. Bf4 Bg5 18. Bxg5 Nf3+ 19. Bxf3 Qxh2#
0-1

[Event "Sicilian with Na3"]
[Site "SchemingMind.com"]
[Date "2006.09.09"]
[Round "-"]
[White "KaliYuga"]
[Black "markjburden"]
[Result "1-0"]
[WhiteCountry "IRL"]
[BlackCountry "GBR"]
[WhiteElo "1939"]
[WhiteRD "66"]
[BlackElo "1667"]
[BlackRD "63"]
[GameID "67351"]

1. e4 c5 2. Na3 d6 3. Nf3 Nf6 4. e5 dxe5 5. Nxe5 Bd7 6. Bc4 e6 7. c3 Nc6 8. f4 Bd6 9. d4 cxd4 10. cxd4 Bb4+
11. Bd2 Bxa3 12. bxa3 Nxd4 13. Bb4 Qb6 14. Nxd7 Nxd7 15. Rc1 a5 16. Bc3 Nc6 17. Qd3 Rd8 18. Rb1 Qc7 19. Bxg7 Rg8 20. Qxh7 Ke7
21. O-O Nd4 22. Bxd4 Qxc4 23. Qh4+ Ke8 24. Qf2 b5 25. Rfd1 Qc6 26. Rbc1 Qa8 27. f5 exf5 28. Rd2 Qb7 29. Re1+ Kf8 30. Qh4 f6
31. Bc5+
1-0

[Event "Sicilian with Na3"]
[Site "SchemingMind.com"]
[Date "2006.09.09"]
[Round "-"]
[White "KaliYuga"]
[Black "cai"]
[Result "1-0"]
[WhiteCountry "IRL"]
[BlackCountry "SWE"]
[WhiteElo "1925"]
[WhiteRD "65"]
[BlackElo "1662"]
[BlackRD "68"]
[GameID "67352"]

1. e4 c5 2. Na3 d6 3. Nf3 Nf6 4. d4 cxd4 5. Nxd4 g6 6. Bd3 Bg7 7. O-O O-O 8. c4 Nc6 9. Nac2 Qb6 10. Nxc6 bxc6
11. b4 Ng4 12. Rb1 Be5 13. h3 Bh2+ 14. Kh1 Nxf2+ 15. Rxf2 Qxf2 16. Kxh2 f5 17. Be3 Qh4 18. g3 Qf6 19. c5 fxe4 20. Bxe4 dxc5
21. Bxc5 Rf7 22. Qd8+ Rf8 23. Qd3 Bf5 24. Nd4 Bxe4 25. Qxe4 Qf2+ 26. Qg2 Qxg2+ 27. Kxg2 Rf7 28. Nxc6 a6 29. Re1 Rc8 30. Nxe7+
1-0

[Event "Sicilian with Na3"]
[Site "SchemingMind.com"]
[Date "2006.09.09"]
[Round "-"]
[White "markjburden"]
[Black "KaliYuga"]
[Result "0-1"]
[WhiteCountry "GBR"]
[BlackCountry "IRL"]
[WhiteElo "1704"]
[WhiteRD "65"]
[BlackElo "1925"]
[BlackRD "65"]
[GameID "67353"]

1. e4 c5 2. Na3 g6 3. Nf3 a6 4. d4 cxd4 5. Nxd4 Bg7 6. c3 d6 7. Be3 Nf6 8. Bd3 Nc6 9. Nxc6 bxc6 10. O-O O-O
11. Qe2 a5 12. Nc2 c5 13. h3 Bd7 14. f4 a4 15. a3 Rb8 16. Rab1 Qa5 17. Bd2 Bc6 18. c4 Qa8 19. Rfe1 Rb3 20. Na1 Rb6
21. f5 Nd7 22. Qg4 Ne5 23. Qe2 Qb7 24. g4 Nxd3 25. Qxd3 Rxb2 26. Rxb2 Qxb2 27. g5 gxf5 28. exf5 Bd4+ 29. Kf1 Qb7 30. Bc3 Bg2+
31. Ke2 Be4 32. Qd2 Bxf5 33. Bxd4 cxd4 34. Qxd4 Qg2+ 35. Qf2 Qe4+ 36. Qe3 Qxc4+ 37. Kf2 Rb8 38. Kg3 e5 39. Rc1 Qe6 40. h4 Bh3
41. Qe2 e4 42. Kh2 Bg4 43. Qe3 Rb2+ 44. Kg1 Bf3 45. Qf4 Qh3
0-1

[Event "Sicilian with Na3"]
[Site "SchemingMind.com"]
[Date "2006.09.11"]
[Round "-"]
[White "cai"]
[Black "KaliYuga"]
[Result "1/2-1/2"]
[WhiteCountry "SWE"]
[BlackCountry "IRL"]
[WhiteElo "1662"]
[WhiteRD "68"]
[BlackElo "1925"]
[BlackRD "65"]
[GameID "67354"]

1. e4 c5 2. Na3 g6 3. Nf3 Nc6 4. Bc4 d6 5. c3 Nf6 6. d3 Bg7 7. O-O a6 8. h3 Bd7 9. Bg5 b5 10. Bb3 O-O
11. Qe2 Na5 12. Bc2 Nc6 13. d4 cxd4 14. Nxd4 Rc8 15. Nxc6 Bxc6 16. Rad1 b4 17. e5 Ne4 18. Bxe4 Bxe4 19. exd6 f6 20. Qxe4 exd6
21. Qe6+ Kh8 22. Rxd6 Qe8 23. Qxe8 Rfxe8 24. Bxf6 bxa3 25. bxa3 Bxf6 26. Rxf6 Rxc3 27. Rxa6 Re7 28. f4 Rc2 29. Rf2 Re1+ 30. Rf1 Rxf1+
31. Kxf1 Kg7 32. Ra7+ Kg8 33. g4 Rh2 34. f5 gxf5 35. gxf5 Rxh3 36. f6 Rf3+ 37. Kg2 Rxf6 38. a4 Rc6 39. a5 Rc3 40. Ra8+ Kf7
41. a6 Ra3 42. Ra7+ Kg6 43. Kf2 h5 44. Ra8=
1/2-1/2

[Event "Sicilian with Na3"]
[Site "SchemingMind.com"]
[Date "2006.09.16"]
[Round "-"]
[White "Mekk"]
[Black "KaliYuga"]
[Result "0-1"]
[WhiteCountry "POL"]
[BlackCountry "IRL"]
[WhiteElo "1714"]
[WhiteRD "64"]
[BlackElo "1925"]
[BlackRD "65"]
[GameID "67671"]

1. e4 c5 2. Na3 Nc6 3. c3 d6 4. Bb5 Bd7 5. d4 cxd4 6. cxd4 a6 7. Ba4 b5 8. Bb3 Nf6 9. f3 g6 10. Ne2 Bg7
11. Nc2 Qa5+ 12. Bd2 Qb6 13. O-O O-O 14. Be3 Qb7 15. Qd2 Rfc8 16. Rac1 a5 17. a3 a4 18. Ba2 e6 19. Nb4 Nxb4 20. Qxb4 Bf8
21. Qd2 Bc6 22. Nf4 e5 23. Ne2 Rd8 24. d5 Be8 25. Bb1 Nd7 26. Bd3 Rac8 27. Rc3 Nc5 28. Nc1 b4 29. axb4 Qxb4 30. Ra3 Qxd2
31. Bxd2 Nxd3 32. Nxd3 Rc2 33. Bc3 Bh6 34. Raa1 Bb5 35. Nb4 Be3+ 36. Kh1 Rxc3 37. bxc3 Bxf1 38. Rxf1 Rc8 39. Nc6 Ra8 40. Ra1 a3
41. Ra2 Bd2 42. Kg1 Bxc3 43. Kf2 Kg7 44. Ke3 f5 45. g4 fxe4 46. fxe4 Kf6 47. h4 Be1 48. h5 gxh5 49. gxh5 Bc3 50. h6 Kg5
51. Ne7 Bb2 52. Nf5 Ra6 53. Kf3 Rb6 54. Ke3 Kg4 55. Kd3 Kf4 56. Nh4 Rb3+ 57. Kc4 Rc3+
0-1

[Event "Sicilian with Na3"]
[Site "SchemingMind.com"]
[Date "2006.09.16"]
[Round "-"]
[White "Mekk"]
[Black "markjburden"]
[Result "0-1"]
[WhiteCountry "POL"]
[BlackCountry "GBR"]
[WhiteElo "1756"]
[WhiteRD "77"]
[BlackElo "1613"]
[BlackRD "71"]
[GameID "67672"]

1. e4 c5 2. Na3 d6 3. c3 Nc6 4. d4 g6 5. Bb5 Bd7 6. Bf4 Bg7 7. Nf3 a6 8. Be2 Nf6 9. e5 Nd5 10. Bg3 dxe5
11. Nxe5 cxd4 12. cxd4 Qa5+ 13. Kf1 Be6 14. Nc2 O-O 15. Nxc6 bxc6 16. f3 Bf5 17. Bd3 Bd7 18. Kf2 Rac8 19. Re1 Be6 20. Kg1 Qb6
21. b3 c5 22. Rc1 cxd4 23. Bf2 Nb4 24. Nxb4 Qxb4 25. Bxa6 Ra8 26. Qe2 Qa3 27. Bc4 Bxc4 28. Rxc4 d3 29. Qxd3 Qxa2 30. Rxe7 Qa1+
31. Re1 Qb2 32. Qc2 Ra2 33. Qxb2 Rxb2 34. Rb4 Bc3 35. Bd4 Bxb4
0-1

[Event "Sicilian with Na3"]
[Site "SchemingMind.com"]
[Date "2006.09.16"]
[Round "-"]
[White "Mekk"]
[Black "cai"]
[Result "1/2-1/2"]
[WhiteCountry "POL"]
[BlackCountry "SWE"]
[WhiteElo "1756"]
[WhiteRD "77"]
[BlackElo "1801"]
[BlackRD "80"]
[GameID "67673"]

1. e4 c5 2. Na3 d6 3. c3 Nf6 4. Nf3 a6 5. d4 cxd4 6. Qxd4 Nc6 7. Qa4 Bd7 8. Be3 e6 9. Bd3 Ne5 10. Qd1 Nxd3+
11. Qxd3 Bc6 12. O-O Bxe4 13. Qe2 d5 14. Nc2 Qc7 15. h3 Bd6 16. Ncd4 Bxf3 17. Nxf3 Ne4 18. Nd2 Nxd2 19. Bxd2 O-O 20. Qg4 Rac8
21. f4=
1/2-1/2

[Event "Sicilian with Na3"]
[Site "SchemingMind.com"]
[Date "2006.09.16"]
[Round "-"]
[White "KaliYuga"]
[Black "Mekk"]
[Result "1-0"]
[WhiteCountry "IRL"]
[BlackCountry "POL"]
[WhiteElo "1939"]
[WhiteRD "66"]
[BlackElo "1727"]
[BlackRD "68"]
[GameID "67674"]

1. e4 c5 2. Na3 d6 3. Nf3 g6 4. d4 cxd4 5. Nxd4 Bg7 6. Be3 Nc6 7. c4 Nf6 8. Nac2 Nxe4 9. Bd3 Nc5 10. Nxc6 Nxd3+
11. Qxd3 bxc6 12. Rb1 Bf5 13. Qe2 O-O 14. O-O c5 15. Bg5 Re8 16. g4 Bxc2 17. Qxc2 h6 18. Bd2 Qd7 19. h3 Rab8 20. b3 f5
21. Rbe1 Kh7 22. f3 e6 23. Rf2 a5 24. Bxa5 Bd4 25. Bc3 Bxf2+ 26. Kxf2 fxg4 27. hxg4 e5 28. Bd2 Rf8 29. Kg3 Rf7 30. Rh1 Rbf8
31. Rxh6+ Kg7 32. Qxg6#
1-0

[Event "Sicilian with Na3"]
[Site "SchemingMind.com"]
[Date "2006.09.16"]
[Round "-"]
[White "markjburden"]
[Black "Mekk"]
[Result "0-1"]
[WhiteCountry "GBR"]
[BlackCountry "POL"]
[WhiteElo "1667"]
[WhiteRD "63"]
[BlackElo "1727"]
[BlackRD "68"]
[GameID "67675"]

1. e4 c5 2. Na3 g6 3. c3 Bg7 4. Nf3 Nc6 5. Bb5 Qc7 6. d3 a6 7. Ba4 b5 8. Bb3 Bb7 9. Ng5 e6 10. f4 Na5
11. Bc2 b4 12. cxb4 cxb4 13. Nc4 Nxc4 14. dxc4 Qxc4 15. Rb1 Ne7 16. Bb3 Qd4 17. Qxd4 Bxd4 18. Bd2 h6 19. Nf3 Bb6 20. Bc2 a5
21. Bd3 d5 22. e5 Ba6 23. Bc2 O-O 24. a3 Rfc8 25. Rc1 bxa3 26. bxa3 Rc6 27. Ba4 Rxc1+ 28. Bxc1 Rc8 29. Kd2 Nf5 30. Bb2 Be3+
31. Kd1 Bxf4 32. g3 Be3 33. h4 Bf2 34. g4 Ne3+ 35. Kd2 Nxg4 36. Nh2 Be3+ 37. Ke1 Nxh2 38. Rxh2 d4 39. Rh3 Rb8
0-1

[Event "Sicilian with Na3"]
[Site "SchemingMind.com"]
[Date "2006.09.16"]
[Round "-"]
[White "cai"]
[Black "Mekk"]
[Result "1/2-1/2"]
[WhiteCountry "SWE"]
[BlackCountry "POL"]
[WhiteElo "1662"]
[WhiteRD "68"]
[BlackElo "1714"]
[BlackRD "64"]
[GameID "67676"]

1. e4 c5 2. Na3 d6 3. Nf3 g6 4. Bb5+ Bd7 5. d4 Bxb5 6. Nxb5 Qa5+ 7. Nc3 Bg7 8. O-O cxd4 9. Nxd4 Nc6 10. Nb3 Qc7
11. Qd3 Nf6 12. Nb5 Qd7 13. c3 a6 14. N5d4 O-O 15. f3 d5 16. Nc5 Qc7 17. exd5 Nxd5 18. Nxc6 Qxc6 19. b4 Bxc3 20. Rb1 Bxb4
21. Ne4 e6 22. Bh6 Rfd8 23. Qd4 Bf8 24. Bxf8 Rxf8 25. Nf6+ Nxf6 26. Qxf6 b5 27. Rbc1 Qd5 28. Rf2 Rfc8 29. Rxc8+ Rxc8 30. g4 Qd8
31. Qxd8+ Rxd8 32. Rc2 Rd3 33. Kg2 Ra3 34. h4 a5 35. Kg3 b4 36. g5 a4 37. Kg4 b3 38. axb3 axb3 39. Rc8+ Kg7 40. Rb8 h5+
41. Kf4 Ra4+ 42. Kg3 Ra3 43. Kf4 e5+ 44. Kxe5 Ra4 45. f4 Ra1 46. Rxb3 Rh1 47. f5 gxf5 48. Rb4 Kg6 49. Rb6+ Kg7 50. Kxf5 Rxh4
51. g6 fxg6+ 52. Rxg6+ Kf7 53. Rg5 Rh1 54. Kf4 Kf6 55. Rg8 Rf1+ 56. Ke3 Rf5 57. Rf8+ Kg5 58. Rg8+ Kh4 59. Ke4 Rf1 60. Rh8 Kg4
61. Ke3 h4 62. Ke2 Rf5 63. Rg8+ Kh3 64. Re8 Kg2 65. Rg8+ Kh2 66. Ke3= h3 67. Ke4= Rf1 68. Ke3 Rg1 69. Rh8 Rg5 70. Kf4 Rg3
71. Rc8 Rg7= 72. Rc2+ Rg2 73. Rc3=
1/2-1/2

[Event "Sicilian with Na3"]
[Site "SchemingMind.com"]
[Date "2006.09.26"]
[Round "-"]
[White "ramanujan"]
[Black "KaliYuga"]
[Result "1/2-1/2"]
[WhiteCountry "IND"]
[BlackCountry "IRL"]
[WhiteElo "1924"]
[WhiteRD "87"]
[BlackElo "1933"]
[BlackRD "70"]
[GameID "69050"]

1. e4 c5 2. Nf3 d6 3. Na3 Nf6 4. e5 dxe5 5. Nxe5 Nbd7 6. Bb5 a6 7. Bxd7+ Nxd7 8. Qe2 Nxe5 9. Qxe5 e6 10. O-O b5
11. d3 Bb7 12. Bf4 Qd7 13. Rad1 f6 14. Qe3 Be7 15. d4 Qc6 16. d5 exd5 17. Rfe1 Qd7 18. Qxc5 Kf7 19. Qd4 Rhe8 20. Re3 Rac8
21. b4 Bd6 22. Bxd6 Qxd6 23. Rde1 Rxe3 24. Rxe3 Re8 25. Rxe8 Kxe8 26. c3 Qe7 27. Nc2 Qe2 28. Ne3 Qxa2 29. h3 Qb1+ 30. Kh2 Qe4
31. Qb6 Qe7 32. g3 Qd7 33. g4=
1/2-1/2

[Event "Sicilian with Na3"]
[Site "SchemingMind.com"]
[Date "2006.09.26"]
[Round "-"]
[White "ramanujan"]
[Black "Mekk"]
[Result "0-1"]
[WhiteCountry "IND"]
[BlackCountry "POL"]
[WhiteElo "1877"]
[WhiteRD "84"]
[BlackElo "1727"]
[BlackRD "68"]
[GameID "69051"]

1. e4 c5 2. Nf3 Nc6 3. Na3 g6 4. d4 cxd4 5. Nxd4 Bg7 6. c3 Nf6 7. Be2 Nxe4 8. Bf3 Nf6 9. Bf4 a6 10. Qd2 O-O
0-1

[Event "Sicilian with Na3"]
[Site "SchemingMind.com"]
[Date "2006.09.26"]
[Round "-"]
[White "ramanujan"]
[Black "markjburden"]
[Result "1-0"]
[WhiteCountry "IND"]
[BlackCountry "GBR"]
[WhiteElo "1877"]
[WhiteRD "84"]
[BlackElo "1667"]
[BlackRD "63"]
[GameID "69052"]

1. e4 c5 2. Nf3 Nc6 3. Na3 g6 4. d4 d6 5. d5 Ne5 6. Nxe5 dxe5 7. Be3 b6 8. Be2 Bg7 9. h4 h6 10. Qd2 Nf6
11. f3 Bd7 12. O-O-O Qc8 13. g4 a6 14. d6 O-O 15. dxe7 Re8 16. g5 hxg5 17. hxg5 Nh5 18. Qxd7 Ng3 19. Rh2 f5 20. Qd5+
1-0

[Event "Sicilian with Na3"]
[Site "SchemingMind.com"]
[Date "2006.09.26"]
[Round "-"]
[White "KaliYuga"]
[Black "ramanujan"]
[Result "0-1"]
[WhiteCountry "IRL"]
[BlackCountry "IND"]
[WhiteElo "1939"]
[WhiteRD "66"]
[BlackElo "1877"]
[BlackRD "84"]
[GameID "69054"]

1. e4 c5 2. Na3 Nc6 3. Nf3 Nf6 4. d4 cxd4 5. Nxd4 Nxe4 6. Nxc6 bxc6 7. f3 Qa5+ 8. c3 Nxc3 9. Nc4 Qc5 10. bxc3 Ba6
11. Nd6+ exd6 12. Bxa6 Qxc3+ 13. Bd2 Qe5+ 14. Be2 d5 15. Rb1 Bc5 16. Qc2 Qd4 17. Rf1 O-O 18. Bc3 Qh4+ 19. g3 Qxh2 20. Bxg7 Rfe8
0-1

[Event "Sicilian with Na3"]
[Site "SchemingMind.com"]
[Date "2006.09.26"]
[Round "-"]
[White "markjburden"]
[Black "ramanujan"]
[Result "0-1"]
[WhiteCountry "GBR"]
[BlackCountry "IND"]
[WhiteElo "1667"]
[WhiteRD "63"]
[BlackElo "1877"]
[BlackRD "84"]
[GameID "69056"]

1. e4 c5 2. Na3 Nc6 3. Bb5 e6 4. c3 Nf6 5. d3 Be7 6. Nf3 O-O 7. Be3 d5 8. e5 Ng4 9. Qe2 d4 10. Bc1 f6
11. Bxc6 bxc6 12. Nc2 fxe5 13. h3 e4 14. Qxe4 Nf6 15. Qe2 dxc3 16. bxc3 Nd5 17. Bd2 Bf6 18. d4 Qb6 19. O-O cxd4 20. cxd4 c5
21. Rab1 Qc6 22. Rfc1 c4 23. Nb4 Nxb4 24. Bxb4 Rd8 25. Bc5 Ba6 26. Qe3 Rd5 27. a3 e5 28. Bxa7 Rxa7 29. dxe5 Re7 30. Qb6 Qxb6
31. Rxb6 Bxe5 32. Rxa6 Bc7 33. Rc6 Bf4 34. Rb1 Rc7 35. Rb8+ Kf7 36. Rxc7+ Bxc7 37. Rb1 c3 38. Ne1 Bd6 39. Kf1 Bxa3 40. Ke2 Rd2+
41. Kf1 c2 42. Nxc2 Rxc2 43. Rb7+ Be7 44. g4 Kf6 45. Rb5 Bc5 46. Kg2 Bxf2 47. Kf3 Bc5 48. Rb3 Kg5 49. Ke4 Be7 50. Re3 Kh4
51. Kf5 Rf2+
0-1

[Event "Sicilian with Na3"]
[Site "SchemingMind.com"]
[Date "2006.09.26"]
[Round "-"]
[White "cai"]
[Black "ramanujan"]
[Result "0-1"]
[WhiteCountry "SWE"]
[BlackCountry "IND"]
[WhiteElo "1708"]
[WhiteRD "74"]
[BlackElo "1877"]
[BlackRD "84"]
[GameID "69057"]

1. e4 c5 2. Na3 d6 3. Nf3 Nc6 4. d4 cxd4 5. Nxd4 Nf6 6. Nxc6 bxc6 7. Bd3 e5 8. O-O Be7 9. Nc4 O-O 10. Be3 Qc7
11. Qf3 d5 12. exd5 cxd5 13. a3 e4 14. Bf4 Qd8 15. Qg3 exd3 16. Ne5 Nh5 17. Qf3 Nxf4 18. Qxf4 dxc2 19. Nc6 Bd6 20. Qd2 Qh4
21. g3 Qc4 22. Rac1 Qxc6 23. Rxc2 Qb7 24. Rfc1 Bf5 25. Rc3 Bh3 26. b4 d4 27. Rd3 Qg2#
0-1

[Event "Sicilian with Na3"]
[Site "SchemingMind.com"]
[Date "2006.09.27"]
[Round "-"]
[White "pompey"]
[Black "KaliYuga"]
[Result "1-0"]
[WhiteCountry "ENG"]
[BlackCountry "IRL"]
[WhiteElo "2250"]
[WhiteRD "100"]
[BlackElo "1925"]
[BlackRD "65"]
[GameID "69181"]

1. e4 c5 2. Na3 Nc6 3. Nf3 Nf6 4. e5 Ng4 5. Qe2 d6 6. exd6 e6 7. Qc4 Nf6 8. d4 cxd4 9. Nb5 Bxd6 10. Nfxd4 Ne5
11. Nxd6+ Qxd6 12. Qa4+ Bd7 13. Nb5 O-O 14. Nxd6 Bxa4 15. b3 Bc6 16. Bb2 Neg4 17. h3 Nh6 18. O-O-O Nd5 19. c4 Nf4 20. Rg1 Rad8
21. g3 Ng6 22. Bg2 Bxg2 23. Rxg2 Rd7 24. f4 Rfd8 25. Rgd2 Ne7 26. Nxf7 Rxd2 27. Nxd8 Rh2 28. Nxb7 Rxh3 29. Rd7 Nef5 30. c5 Rxg3
31. c6 Rg1+ 32. Kd2 Rg2+ 33. Kd3 Rg3+ 34. Kc4 Ne3+ 35. Kb5 Nd5 36. Rxd5 exd5 37. c7
1-0

[Event "Sicilian with Na3"]
[Site "SchemingMind.com"]
[Date "2006.09.27"]
[Round "-"]
[White "pompey"]
[Black "Mekk"]
[Result "1-0"]
[WhiteCountry "ENG"]
[BlackCountry "POL"]
[WhiteElo "2229"]
[WhiteRD "100"]
[BlackElo "1727"]
[BlackRD "68"]
[GameID "69182"]

1. e4 c5 2. Na3 g6 3. Nf3 Bg7 4. c3 Nf6 5. e5 Ng4 6. d4 cxd4 7. cxd4 d6 8. Bb5+ Nc6 9. h3 Nh6 10. d5 a6
11. Qa4 axb5 12. Qxa8 Nxe5 13. Nxe5 dxe5 14. Nxb5 O-O 15. Nc3 Qb6 16. O-O Bxh3 17. Qa3 Bc8 18. Bxh6 Bxh6 19. Qxe7 Qxb2 20. Ne4 Qb6
21. Nf6+ Kg7 22. Ne8+ Kg8 23. Rab1 Qa6 24. d6
1-0

[Event "Sicilian with Na3"]
[Site "SchemingMind.com"]
[Date "2006.09.27"]
[Round "-"]
[White "pompey"]
[Black "markjburden"]
[Result "1-0"]
[WhiteCountry "ENG"]
[BlackCountry "GBR"]
[WhiteElo "2229"]
[WhiteRD "100"]
[BlackElo "1667"]
[BlackRD "63"]
[GameID "69183"]

1. e4 c5 2. Na3 g6 3. Nf3 Bg7 4. c3 Nc6 5. d4 d6 6. d5 Nb8 7. Be2 Bd7 8. Bg5 h6 9. Be3 a6 10. O-O Nf6
11. e5 dxe5 12. Nxe5 Nh7 13. f4 O-O 14. Bxc5 b6 15. Bd4 Bf5 16. Bf3 Ra7 17. Nac4 Nd7 18. Nc6 Qc7 19. Nxe7+ Kh8 20. Bxg7+ Kxg7
21. Qd4+ Nhf6 22. Nc6 Rb7 23. d6
1-0

[Event "Sicilian with Na3"]
[Site "SchemingMind.com"]
[Date "2006.09.27"]
[Round "-"]
[White "pompey"]
[Black "cai"]
[Result "1-0"]
[WhiteCountry "ENG"]
[BlackCountry "SWE"]
[WhiteElo "2229"]
[WhiteRD "100"]
[BlackElo "1708"]
[BlackRD "74"]
[GameID "69184"]

1. e4 c5 2. Na3 Nc6 3. Nf3 Nf6 4. e5 Nd5 5. Bc4 e6 6. O-O Be7 7. d4 cxd4 8. Nb5 Bc5 9. Bxd5 exd5 10. Nd6+ Bxd6
11. exd6 O-O 12. Nxd4 b6 13. Nf5 Ba6 14. Re1 Qf6 15. Ne7+ Nxe7 16. dxe7 Rfe8 17. Qxd5 Rac8 18. Qxd7 Qc6 19. Qxc6 Rxc6 20. b3 Rxc2
21. Ba3 Bb5 22. Rec1 Re2 23. Rc7 f6 24. Rxa7 Kf7 25. h4 Bc6= 26. Rc1 Re6 27. f3 g5 28. hxg5 fxg5 29. Bb4 Bb5 30. Rd1 h5
31. Rd5 Bc6 32. Rxg5 R8xe7 33. Rxe7+ Rxe7 34. Bxe7
1-0

[Event "Sicilian with Na3"]
[Site "SchemingMind.com"]
[Date "2006.09.27"]
[Round "-"]
[White "ramanujan"]
[Black "pompey"]
[Result "0-1"]
[WhiteCountry "IND"]
[BlackCountry "ENG"]
[WhiteElo "1877"]
[WhiteRD "84"]
[BlackElo "2229"]
[BlackRD "100"]
[GameID "69185"]

1. e4 c5 2. Na3 Nc6 3. Bc4 e6 4. Nf3 d5 5. exd5 exd5 6. Qe2+ Be7 7. Bb5 Nf6 8. O-O O-O 9. Bxc6 bxc6 10. Ne5 Bd6
0-1

[Event "Sicilian with Na3"]
[Site "SchemingMind.com"]
[Date "2006.09.27"]
[Round "-"]
[White "KaliYuga"]
[Black "pompey"]
[Result "0-1"]
[WhiteCountry "IRL"]
[BlackCountry "ENG"]
[WhiteElo "1925"]
[WhiteRD "65"]
[BlackElo "2250"]
[BlackRD "100"]
[GameID "69186"]

1. e4 c5 2. Na3 Nc6 3. Nf3 Nf6 4. d3 e5 5. c4 Be7 6. h3 O-O 7. Nb5 d6 8. a4 Ne8 9. Nc3 f5 10. Nd5 Nc7
11. Bd2 Nxd5 12. cxd5 Nd4 13. Nxd4 exd4 14. b4 fxe4 15. dxe4 Bh4 16. g3 Qf6 17. Bf4 Bg5 18. bxc5 Bxf4 19. gxf4 dxc5 20. f5 Bxf5
21. exf5 Rfe8+ 22. Kd2 d3 23. Kxd3 Qb2 24. Rc1 Re5 25. Bg2 Rae8 26. Rc4 Qxf2 27. Be4 Rxe4 28. Rxe4 Qg3+ 29. Kc2 Rxe4 30. Qd2 Rc4+
0-1

[Event "Sicilian with Na3"]
[Site "SchemingMind.com"]
[Date "2006.09.27"]
[Round "-"]
[White "Mekk"]
[Black "pompey"]
[Result "0-1"]
[WhiteCountry "POL"]
[BlackCountry "ENG"]
[WhiteElo "1727"]
[WhiteRD "68"]
[BlackElo "2229"]
[BlackRD "100"]
[GameID "69187"]

1. e4 c5 2. Na3 Nc6 3. c3 Nf6 4. f3 e5 5. Bb5 d5 6. exd5 Qxd5 7. Ne2 a6 8. Bc4 Qd7 9. Ng3 b5 10. Be2 Be7
11. O-O O-O 12. Nc2 Nd5 13. d4 cxd4 14. cxd4 exd4 15. Nxd4 Bc5
0-1

[Event "Sicilian with Na3"]
[Site "SchemingMind.com"]
[Date "2006.09.27"]
[Round "-"]
[White "markjburden"]
[Black "pompey"]
[Result "0-1"]
[WhiteCountry "GBR"]
[BlackCountry "ENG"]
[WhiteElo "1667"]
[WhiteRD "63"]
[BlackElo "2229"]
[BlackRD "100"]
[GameID "69188"]

1. e4 c5 2. Na3 Nc6 3. Bb5 Nf6 4. d3 e5 5. c3 Be7 6. Nf3 d6 7. h3 O-O 8. O-O Be6 9. Bxc6 bxc6 10. Nc2 c4
11. Ng5 cxd3 12. Qxd3 d5 13. exd5 cxd5 14. Nxe6 fxe6 15. Qe2 Qc7 16. f4 Ne4 17. fxe5 Ng3 18. Rxf8+ Rxf8 19. Bd2 Nxe2+
0-1

[Event "Sicilian with Na3"]
[Site "SchemingMind.com"]
[Date "2006.09.27"]
[Round "-"]
[White "cai"]
[Black "pompey"]
[Result "0-1"]
[WhiteCountry "SWE"]
[BlackCountry "ENG"]
[WhiteElo "1708"]
[WhiteRD "74"]
[BlackElo "2229"]
[BlackRD "100"]
[GameID "69189"]

1. e4 c5 2. Na3 Nc6 3. Nf3 Nf6 4. Bb5 Nxe4 5. O-O e6 6. Bxc6 bxc6 7. d3 Nf6 8. Bg5 Be7 9. Ne5 O-O 10. Nac4 Qc7
11. Bxf6 Bxf6 12. Re1 d5 13. Ng4 dxc4 14. Nxf6+ gxf6 15. Qg4+ Kh8 16. Re3 Rg8 17. Qh4 Qd8 18. Rg3 Rxg3 19. hxg3 cxd3 20. cxd3 Qd4
21. Qh5 Kg7 22. g4 Rb8 23. Rb1 Rxb2 24. Rxb2 Qxb2 25. Kh2 Qxf2 26. g5 Qf4+ 27. g3 Qd2+ 28. Kh3 e5+
0-1